Państwa z największą liczbą cyklonów tropikalnych - Statystyki

Ogólne statystyki
  • Ten quiz został rozwiązany 121 razy
  • Średni wynik to 7 z 10
Statystyki odpowiedzi
Ranga Państwo % Poprawnych
5 Stany Zjednoczone
93%
3 Japonia
89%
4 Meksyk
84%
1 Chiny
81%
6 Australia
69%
2 Filipiny
69%
8 Wietnam
59%
10 Kuba
56%
7 Tajwan
46%
9 Madagaskar
16%
Nie znaleziono quizów pasujących do podanych kryteriów
Rozkład punktacji
Procent ludzi z każdym wynikiem
Percentyl według liczby udzielonych odpowiedzi
Twoja historia wyników
Nie rozwiązałeś tego quizu